[Event "Poznan op 25th"]
[Site "Poznan"]
[Date "2017.08.25"]
[Round "7"]
[White "Walaszyk, Zbigniew"]
[Black "Gajewski, Zbigniew"]
[Result "1/2-1/2"]
[WhiteElo "1344"]
[BlackElo "1347"]
[PlyCount "103"]
[EventDate "2017.08.20"]
[EventType "swiss"]
[EventRounds "9"]
[EventCountry "POL"]
[SourceTitle "CBM 180 Extra"]
[Source "ChessBase"]
[SourceDate "2017.10.06"]
[SourceVersion "1"]
[SourceVersionDate "2017.10.06"]
[SourceQuality "1"]

1. e4 g6 2. Nf3 Bg7 3. Bc4 e6 4. 0-0 Ne7 5. d4 0-0 6. c3 c6 7. e5 d5 8. Bd3 b6 9. h3 c5 10. Nh2 f5 11. Nd2 Nbc6 12. Ndf3 c4 13. Bc2 b5 14. a3 a5 15. Bg5 h6 16. Bh4 g5 17. Bxg5 hxg5 18. Nxg5 Qe8 19. f4 Nd8 20. Rf2 Nf7 21. Ngf3 a4 22. g4 Nh8 23. Rg2 Ra7 24. Nh4 Neg6 25. Nxg6 Nxg6 26. Qd2 Nh4 27. Rg3 Qe7 28. g5 Ng6 29. Kh1 Bh8 30. Rag1 Qh7 31. Nf3 Rg7 32. Bd1 Bd7 33. R1g2 Nh4 34. Nxh4 Qxh4 35. g6 Be8 36. Kh2 Qh6 37. Rg5 Bxg6 38. Qf2 Be8 39. R2g3 Rxg5 40. Rxg5+ Bg7 41. h4 Kh7 42. Qg3 Rg8 43. h5 Bf7 44. Qh4 Bf8 45. Rxg8 Bxg8 46. Qg5 Bf7 47. Kh3 Qxg5 48. fxg5 Be7 49. Kh4 Kg7 50. Bf3 Kh7 51. Bd1 Kg7 52. Bf3 1/2-1/2

[Event "Poznan op 25th"]
[Site "Poznan"]
[Date "2017.08.24"]
[Round "6"]
[White "Gajewski, Zbigniew"]
[Black "Zielinski, Tomasz"]
[Result "0-1"]
[WhiteElo "1347"]
[BlackElo "1215"]
[PlyCount "60"]
[EventDate "2017.08.20"]
[EventType "swiss"]
[EventRounds "9"]
[EventCountry "POL"]
[SourceTitle "CBM 180 Extra"]
[Source "ChessBase"]
[SourceDate "2017.10.06"]
[SourceVersion "1"]
[SourceVersionDate "2017.10.06"]
[SourceQuality "1"]

1. e4 e6 2. c4 d5 3. exd5 exd5 4. d4 Be6 5. c5 b6 6. cxb6 axb6 7. Nf3 Nf6 8. Nc3 Be7 9. Bd3 h6 10. 0-0 0-0 11. h3 c5 12. Be3 Nbd7 13. Qc2 Qc7 14. Bf5 Rae8 15. Ne2 Bd6 16. Bxe6 fxe6 17. Qg6 Kh8 18. Nh4 Ng8 19. Qh5 Ne7 20. g4 Nf6 21. Ng6+ Kg8 22. Nxe7+ Bxe7 23. Qg6 Bd8 24. Bxh6 Qf7 25. Qxf7+ Rxf7 26. Be3 Nd7 27. Rac1 Be7 28. Nf4 cxd4 29. Bd2 Bg5 30. Rc7 e5 0-1

[Event "Poznan op 24th"]
[Site "Poznan"]
[Date "2016.08.11"]
[Round "4"]
[White "Gajewski, Zbigniew"]
[Black "Tamon, Agata"]
[Result "1/2-1/2"]
[WhiteElo "1435"]
[BlackElo "1110"]
[PlyCount "119"]
[EventDate "2016.08.08"]
[EventType "swiss"]
[EventRounds "9"]
[EventCountry "POL"]
[SourceTitle "CBM 173 Extra"]
[Source "ChessBase"]
[SourceDate "2016.08.29"]
[SourceVersion "1"]
[SourceVersionDate "2016.08.29"]
[SourceQuality "1"]

1. e4 c5 2. Nf3 d6 3. c3 Nf6 4. e5 dxe5 5. Nxe5 g6 6. Bc4 e6 7. 0-0 Bg7 8. Nf3 0-0 9. d4 cxd4 10. Nxd4 a6 11. Be3 Qc7 12. Bb3 Nc6 13. Qe2 Bd7 14. Nd2 Rac8 15. Rad1 Rfd8 16. N4f3 Na5 17. Bc2 Bb5 18. c4 Nxc4 19. Nxc4 Bxc4 20. Bd3 Bxa2 21. Rc1 Qe7 22. Ra1 Bd5 23. Nd2 Re8 24. Rfb1 Qb4 25. b3 Qd6 26. f3 b5 27. b4 Nh5 28. Ra3 Rc6 29. Ne4 Bxe4 30. Bxe4 Rc4 31. Rd1 Qxb4 32. Rxa6 Rb8 33. g4 Nf6 34. Bd3 Rcc8 35. Rb1 Qe7 36. Bxb5 Nd5 37. Ra7 Rc7 38. Rxc7 Qxc7 39. Bd2 Qc5+ 40. Kg2 Bc3 41. Bd3 Rxb1 42. Bxb1 Bxd2 43. Qxd2 Qe3 44. Qxe3 Nxe3+ 45. Kg3 Nd5 46. h4 h6 47. Be4 Nf6 48. Bd3 g5 49. hxg5 hxg5 50. f4 gxf4+ 51. Kxf4 Kg7 52. Kg3 Nd5 53. g5 f6 54. gxf6+ Kxf6 55. Kf3 Ke5 56. Bh7 Kd4 57. Ke2 Nc3+ 58. Kf3 e5 59. Kf2 e4 60. Bxe4 1/2-1/2

[Event "Poznan op 23rd"]
[Site "Poznan"]
[Date "2015.08.13"]
[Round "4"]
[White "Wojdak, Jan"]
[Black "Gajewski, Zbigniew"]
[Result "1/2-1/2"]
[WhiteElo "1503"]
[BlackElo "1415"]
[PlyCount "96"]
[EventDate "2015.08.10"]
[EventType "swiss"]
[EventRounds "9"]
[EventCountry "POL"]
[SourceTitle "CBM 167 Extra"]
[Source "ChessBase"]
[SourceDate "2015.09.14"]
[SourceVersion "1"]
[SourceVersionDate "2015.09.14"]
[SourceQuality "1"]

1. e4 g6 2. d4 d6 3. Nc3 Bg7 4. f3 Nf6 5. Be3 0-0 6. Qd2 Nbd7 7. g4 e5 8. 0-0-0 Re8 9. h4 h5 10. g5 Nh7 11. Bh3 Nb6 12. Bf1 Bd7 13. dxe5 Bxe5 14. Bd4 c5 15. Bxe5 dxe5 16. Qf2 Rc8 17. Nb5 Re7 18. Nd6 Rc7 19. Ne2 Qb8 20. Nc3 Rc6 21. Nc4 Nxc4 22. Bxc4 Be6 23. Bxe6 Rexe6 24. Rd5 b6 25. Rhd1 Rc8 26. Qe2 Nf8 27. Nb5 Re7 28. Nd6 Rcc7 29. Qh2 Nd7 30. f4 exf4 31. Qxf4 Nf8 32. e5 Ne6 33. Qe4 Qf8 34. Rf1 Qg7 35. Rf6 Kh7 36. Qa4 Nd4 37. c3 b5 38. Qd1 Ne6 39. Nxb5 Rb7 40. Nd6 Rbd7 41. Nc4 Rxd5 42. Qxd5 Qf8 43. Nd6 Qd8 44. Qf3 Qd7 45. Nxf7 Ng7 46. Kc2 Nf5 47. Nd6 Nxh4 48. Qg3 Qg4 1/2-1/2

[Event "Poznan op 23rd"]
[Site "Poznan"]
[Date "2015.08.12"]
[Round "3"]
[White "Lisiecki, Robert"]
[Black "Gajewski, Zbigniew"]
[Result "1-0"]
[WhiteElo "1785"]
[BlackElo "1415"]
[PlyCount "47"]
[EventDate "2015.08.10"]
[EventType "swiss"]
[EventRounds "9"]
[EventCountry "POL"]
[SourceTitle "CBM 167 Extra"]
[Source "ChessBase"]
[SourceDate "2015.09.14"]
[SourceVersion "1"]
[SourceVersionDate "2015.09.14"]
[SourceQuality "1"]

1. e4 c5 2. Nf3 e6 3. d4 cxd4 4. Nxd4 Nf6 5. Nc3 a6 6. e5 Ng8 7. Qg4 Ne7 8. Bd3 Nbc6 9. Nf3 Qa5 10. 0-0 Nxe5 11. Nxe5 Qxe5 12. Bf4 Qa5 13. Qg3 Nf5 14. Bxf5 Qxf5 15. Rac1 g6 16. Rfe1 Bg7 17. Bd6 h5 18. h3 h4 19. Qe3 g5 20. Rcd1 g4 21. Nd5 Bh6 22. Nc7+ Kd8 23. Qb6 gxh3 24. Nxe6+ 1-0

[Event "Wroclaw op 9th"]
[Site "Wroclaw"]
[Date "2014.06.29"]
[Round "2"]
[White "Gajewski, Zbigniew"]
[Black "Daniel, Damian"]
[Result "0-1"]
[WhiteElo "1427"]
[BlackElo "1869"]
[PlyCount "52"]
[EventDate "2014.06.29"]
[EventType "swiss"]
[EventRounds "9"]
[EventCountry "POL"]
[SourceTitle "EXT 2015"]
[Source "ChessBase"]
[SourceDate "2014.11.20"]
[SourceVersion "1"]
[SourceVersionDate "2014.11.20"]
[SourceQuality "1"]

1. e4 c6 2. d4 d5 3. Nc3 dxe4 4. Nxe4 Nd7 5. Bc4 Ngf6 6. Qe2 Nxe4 7. Qxe4 Nf6 8. Qe2 Qxd4 9. c3 Qg4 10. Nf3 Qh5 11. h3 e6 12. Bf4 Be7 13. 0-0-0 0-0 14. g4 Qa5 15. b4 Qa3+ 16. Kb1 Qxc3 17. Bd2 Qa3 18. Bc1 Qxb4+ 19. Bb2 Nd5 20. Qc2 Bf6 21. Nd4 c5 22. a3 Qb6 23. Nb3 Bxb2 24. Qxb2 Bd7 25. Bxd5 exd5 26. f4 Ba4 0-1

[Event "Wroclaw op 9th"]
[Site "Wroclaw"]
[Date "2014.06.29"]
[Round "3"]
[White "Molenda, Maja"]
[Black "Gajewski, Zbigniew"]
[Result "1-0"]
[WhiteElo "1114"]
[BlackElo "1427"]
[PlyCount "45"]
[EventDate "2014.06.29"]
[EventType "swiss"]
[EventRounds "9"]
[EventCountry "POL"]
[SourceTitle "EXT 2015"]
[Source "ChessBase"]
[SourceDate "2014.11.20"]
[SourceVersion "1"]
[SourceVersionDate "2014.11.20"]
[SourceQuality "1"]

1. e4 g6 2. d4 d6 3. Nf3 Bg7 4. Bc4 Nf6 5. Nc3 0-0 6. 0-0 c6 7. Bg5 Nbd7 8. a4 a6 9. Bb3 h6 10. Bxf6 Nxf6 11. e5 Ne8 12. Re1 d5 13. Ne2 e6 14. c4 Bd7 15. c5 Rb8 16. Qd3 g5 17. Bc2 f6 18. Qh7+ Kf7 19. Bg6+ Ke7 20. Bxe8 Bxe8 21. Qxg7+ Rf7 22. exf6+ Kd7 23. Ne5+ 1-0

[Event "Warsaw-ch opB 66th"]
[Site "Warsaw"]
[Date "2013.05.14"]
[Round "4"]
[White "Mincewicz, Tomasz"]
[Black "Gajewski, Zbigniew"]
[Result "1/2-1/2"]
[WhiteElo "1473"]
[BlackElo "1455"]
[PlyCount "96"]
[EventDate "2013.05.11"]
[EventType "swiss"]
[EventRounds "9"]
[EventCountry "POL"]
[SourceTitle "CBM 154 Extra"]
[Source "ChessBase"]
[SourceDate "2013.06.25"]
[SourceVersion "2"]
[SourceVersionDate "2013.06.25"]
[SourceQuality "1"]

1. d4 g6 2. Nf3 Nf6 3. g3 Bg7 4. Bg2 d5 5. 0-0 c6 6. Nbd2 0-0 7. c4 e6 8. b3 Nbd7 9. Ba3 Re8 10. Qc2 b6 11. e4 dxe4 12. Nxe4 Nxe4 13. Qxe4 Bb7 14. Rad1 Qc7 15. Rfe1 Rad8 16. Qe2 Nf6 17. Ne5 Nd7 18. f4 Nxe5 19. dxe5 c5 20. Bb2 Bxg2 21. Qxg2 Rd7 22. Rd2 Rxd2 23. Qxd2 Rd8 24. Qe2 Qd7 25. Kf2 Qd2 26. Qxd2 Rxd2+ 27. Re2 Rxe2+ 28. Kxe2 a5 29. Ke3 h5 30. Ke4 Bf8 31. h3 Be7 32. g4 hxg4 33. hxg4 Kf8 34. Bc1 Ke8 35. f5 gxf5+ 36. gxf5 Kd7 37. f6 Bd8 38. a4 Bc7 39. Bf4 Ke8 40. Bh6 Bb8 41. Bf4 Bc7 42. Kf3 Bb8 43. Kg4 Bc7 44. Kh5 Bb8 45. Kh6 Bc7 46. Kg7 Bb8 47. Kg8 Bc7 48. Kg7 Bb8 1/2-1/2

[Event "Warsaw-ch opB 66th"]
[Site "Warsaw"]
[Date "2013.05.11"]
[Round "1"]
[White "Gajewski, Zbigniew"]
[Black "Kacprzak, Karol"]
[Result "0-1"]
[WhiteElo "1455"]
[BlackElo "1792"]
[PlyCount "98"]
[EventDate "2013.05.11"]
[EventType "swiss"]
[EventRounds "9"]
[EventCountry "POL"]
[SourceTitle "CBM 154 Extra"]
[Source "ChessBase"]
[SourceDate "2013.06.25"]
[SourceVersion "2"]
[SourceVersionDate "2013.06.25"]
[SourceQuality "1"]

1. e4 d5 2. exd5 Qxd5 3. Nc3 Qa5 4. Nf3 Nf6 5. d4 Bf5 6. Bd2 c6 7. Be2 Nbd7 8. 0-0 Qc7 9. a3 e6 10. Nh4 Bg6 11. Nxg6 hxg6 12. h3 Bd6 13. Bf3 Bh2+ 14. Kh1 Nh5 15. Ne2 Ndf6 16. c3 0-0-0 17. Qc2 Bf4 18. Nxf4 Nxf4 19. Bxf4 Qxf4 20. Qd3 e5 21. Qe3 Qxe3 22. fxe3 e4 23. Be2 Rhf8 24. Kg1 Nd5 25. Kf2 f5 26. Bc4 g5 27. Bxd5 cxd5 28. Ke2 f4 29. exf4 gxf4 30. Rf2 g5 31. Raf1 Rh8 32. Rc1 Rd6 33. Rc2 Kd7 34. Ke1 Rf6 35. Ke2 f3+ 36. Ke1 fxg2 37. Rxg2 Rxh3 38. Rce2 Rf5 39. c4 Kd6 40. cxd5 Kxd5 41. Rg4 e3 42. Reg2 Rh4 43. Ke2 Rxg4 44. Rxg4 Rf4 45. Rxg5+ Kxd4 46. Rg7 Rf2+ 47. Ke1 Rxb2 48. Rg4+ Kd3 49. Kf1 Rb1+ 0-1